00273nam a2200097Ia 4500008004100000245002800041245003100069260000900100650002800109856003800137160523s9999 xx 000 0 und d aData Wrangling Handbook c Open Knowledge Foundation c2012 xInformation Technology. uhttp://schoolofdata.org/handbook/